Defensa de la democracia, la razón y el hedonismo
Zapisane w:
| 1. autor: | |
|---|---|
| Format: | Książka |
| Język: | hiszpański |
| Wydane: |
Buenos Aires
Sudamericana
1947
|
| Seria: | Ensayos Breves
|
| Hasła przedmiotowe: | |
| Etykiety: |
Dodaj etykietę
Nie ma etykietki, Dołącz pierwszą etykiete!
|
MARC
| LEADER | 00000cam a2200000 a 4500 | ||
|---|---|---|---|
| 001 | UCR4182 | ||
| 003 | CL-VaPUC | ||
| 008 | 980307e19470000AG |||||||||||||||||spa|d | ||
| 082 | 0 | 4 | |a 321.8 |b LAB |2 21 |
| 100 | |a Labin, Suzanne |e author |9 354983 | ||
| 245 | 1 | 0 | |a Defensa de la democracia, la razón y el hedonismo |
| 300 | |a 277 p | ||
| 942 | |c BK | ||
| 945 | |d 19980307 00:00:00 |a cmena | ||
| 260 | |a Buenos Aires |b Sudamericana |c 1947 | ||
| 500 | |a Donación del padre Enrique Pascal García Huidobro | ||
| 650 | 0 | |a Democracia |9 255256 | |
| 650 | 7 | |a FILOSOFIA POLITICA |2 CL-VaPUC |9 403893 | |
| 650 | 7 | |a SISTEMAS POLITICOS |2 CL-VaPUC |9 403894 | |
| 650 | 0 | |a Libertad |9 255686 | |
| 650 | 0 | |a Derecho natural |9 255041 | |
| 650 | 0 | |a Derechos humanos |9 223025 | |
| 583 | |a last modification |c 20141119 02:41:05 |k Rodrigo Vera | ||
| 490 | 0 | |a Ensayos Breves | |
| 999 | |c 267133 |d 267131 | ||
| 952 | |0 0 |1 0 |4 0 |6 321_800000000000000_LAB_1947 |7 0 |8 P |9 299320 |a BIBDER |b BIBDER |d 2019-11-20 |i 1958437 |o 321.8 LAB 1947 |p 1958437 |r 2023-01-25 |w 2019-11-20 |y BK |k DER | ||
| 952 | |0 0 |1 0 |4 0 |6 321_800000000000000_LAB_1947 |7 0 |8 X |9 299321 |a BIBHIS |b BIBHIS |d 2019-11-20 |i 1339192 |o 321.8 LAB 1947 |p 1339192 |r 2024-01-30 |w 2019-11-20 |y BK_X |k HIS | ||
| 952 | |0 0 |1 0 |3 erb |4 0 |6 321_800000000000000_LAB_1947 |7 0 |8 P |9 299322 |a BIBEDU |b BIBEDU |c BIBEDU_PB |i 5007771 |o 321.8 LAB 1947 |p 5007771 |r 2024-01-25 |w 2019-11-20 |y BK |k FIL | ||